000 00539nam a2200193Ia 4500
005 20250508162934.0
008 008 250505s9999 xx 000 0 eng d
020 _a0-521-44990-1
037 _aTextual
040 _aFEDL
_beng
_cFEDL
041 _aeng
_2eng
084 _a415, ODL
_qFEDL
100 _aOdlin Terence Ed.
_967230
245 0 _aPerspectives on pedagogical grammar
260 _aCambridge
_bCambridge University Press
_c1994
300 _ax,340p.
942 _cTEXL
_h415, ODL
999 _c1379549
_d1379549